| 000 | 00723nam a2200241 a 4500 | ||
|---|---|---|---|
| 005 | 20240316063922.0 | ||
| 008 | 060427s1999 mx r 000 0 spa d | ||
| 020 | _a9701022599 | ||
| 035 | _aUPN01000143972 | ||
| 049 | _aCG | ||
| 050 | 4 |
_aBF697.5 B6.3 _bV3.5 |
|
| 100 | 1 |
_aVargas Guajardo, Gabriela, _d1953- _941576 |
|
| 245 | 1 | 0 |
_aMás sobre la imagen del éxito / _cGabriela Vargas ; pról. Ángeles Mastretta. |
| 260 |
_aMéxico : _bMcGraw-Hill, _cc1999. |
||
| 300 |
_axv, 316 p. : _bil. |
||
| 650 | 2 |
_aImagen corporal _916441 |
|
| 650 | 4 |
_aÉxito _97041 |
|
| 650 | 4 |
_aComunicación no verbal _95510 |
|
| 650 | 4 |
_aAUTOIMAGEN CORPORAL _92921 |
|
| 650 | 4 |
_aAutoestima _92906 |
|
| 905 | _aLibro | ||
| 999 |
_c116119 _d116119 |
||